000 01268nam a2200241 i 4500
001 82061
003 ES-MaACL
005 20231228063208.0
007 t|
008 041116s1892 sp ||||1| spa d
100 1 _aPedregal Cañedo, Manuel,
_d1831-1896
_9130930
245 1 0 _aEstado jurídico y social de los indios /
_cconferencia de Manuel Pedregal, pronunciada el día 18 de febrero de 1892.
260 _aMadrid :
_b[s.n.],
_c1892 (
_fSucesores de Rivadeneyra)
300 _a23 p. ;
_c25 cm.
500 _aForma parte de:"El continente americano : conferencias dadas en el Ateneo Científico, Literario y Artístico de Madrid con motivo del Cuarto Centenario del Descubrimiento de América", Madrid 1894, título que agrupa todas las conferencias del ciclo en tres volúmenes, cada una de ellas con portada y año propios. Esta publicación pertenece al tomo 3º.
500 _aPrecede al tít.: Ateneo de Madrid.
610 2 _aAteneo de Madrid-
_vConferencias-
_yS.XIX.
_91910
610 2 _aAteneo de Madrid-
_vObras digitalizadas.
_91930
740 3 _aEl continente americano.
852 _aES-MaACL
_jR-2605(11)
856 4 _uhttp://www.ateneodemadrid.com/biblioteca_digital/folletos/Folletos-0065.pdf
_zVer documento
999 _c82061
_d82061